El extranjero

সংরক্ষণ করুন:
গ্রন্থ-পঞ্জীর বিবরন
প্রধান লেখক: Camus, Albert (Author)
বিন্যাস: গ্রন্থ
ভাষা:স্প্যানিশ
প্রকাশিত: Madrid Alianza 1999
সংস্করন:1a. ed
মালা:Biblioteca de Autor, 0657
বিষয়গুলি:
ট্যাগগুলো: ট্যাগ যুক্ত করুন
কোনো ট্যাগ নেই, প্রথমজন হিসাবে ট্যাগ করুন!

MARC

LEADER 00000nam a2200000 a 4500
001 UCL6903
003 CL-VaPUC
008 040423e19990000SP |||||||||||||||||spa|d
020 |a 8420636940 
082 0 4 |a 843  |b CAM  |2 21 
100 0 |a Camus, Albert  |e author  |9 315220 
245 1 3 |a El extranjero 
250 |a 1a. ed 
300 |a 125 p 
942 |c BK 
945 |d 20040423 00:00:00  |a cmena 
260 |a Madrid  |b Alianza  |c 1999 
650 0 |a Novela francesa  |9 264985 
650 0 |a Literatura francesa  |9 266330 
583 |a last modification  |c 20040423 00:00:00  |k Rodrigo Vera 
490 0 |a Biblioteca de Autor, 0657 
999 |c 308787  |d 308785 
952 |0 0  |1 2  |4 0  |6 843_000000000000000_CAM_1999  |7 0  |8 A  |9 375611  |a BIBGIM  |b BIBGIM  |d 2019-11-21  |i 4007328  |o 843 CAM 1999  |p 4007328  |r 2019-11-21  |w 2019-11-21  |y BK  |k GIM